000
00310nam a2200121Ia 4500
008
190216s9999||||xx |||||||||||||| ||und||
100
_a
"Dr.Jagadamba Singh,Dr. Yadav L D S"
245
0
_a
Advanced Organic Chemistry
260
_b
Pragathi Prakashan
_c
2014
300
_a
188
650
_a
Chemistry
942
_c
BK
999
_c
3613
_d
3613